000 00437cam a2200181ua 4500
020 _c7.00
041 _amal
_h
082 _a320.58
_bGAN/SA
100 _aMahatma Gandhi, .
_94805
245 _aSamuhyajeevitham /
_cMahatma Gandhi.
_hTextual Documents
260 _aThiruvananthapuram :
_bGandhi Smarak Nidhi ,
_c1962.
300 _a542 ; .
365 _a7.00
504 _a
942 _cBK
999 _c4549
_d4549
003